| 000 | 00651cam a2200205 a 4500 | ||
|---|---|---|---|
| 001 | 000009676 | ||
| 005 | 20200929161652.0 | ||
| 008 | 750417s1983 cl 000 0 spa | ||
| 040 |
_aDO-SdBNP _bspa _cBNPHU |
||
| 082 |
_aPR862.44 _bD542v, 1983 |
||
| 100 | 1 |
_aDíaz, Jorge, _d1930-2007. _924575 |
|
| 245 | 1 | 3 |
_aEl velero en la botella : _bel cepillo de dientes / _cJorge Díaz. |
| 250 | _a9a ed. | ||
| 260 |
_a[Santiago de Chile] : _bUniversitaria, _c1983. |
||
| 300 |
_a125 p. ; _c19 cm. |
||
| 490 | 1 | _aLos Contemporáneos | |
| 650 | 4 |
_aTeatro puertorriqueño _94514 |
|
| 650 | 4 |
_aLiteratura puertorriqueña _9250 |
|
| 830 | 0 |
_aLos Contemporáneos _924576 |
|
| 999 |
_c9436 _d9436 |
||